Don't let things slip through (Record no. 66004)

MARC details
000 -LEADER
fixed length control field 01134cam a2200277 4500
001 - CONTROL NUMBER
control field ABS63481
008 - FIXED-LENGTH DATA ELEMENTS--GENERAL INFORMATION
fixed length control field 000000n2001 000 0 eng u
035 ## - SYSTEM CONTROL NUMBER
System control number (Sirsi) u110739
100 ## - MAIN ENTRY--PERSONAL NAME
Personal name Ross, J.
245 ## - TITLE STATEMENT
Title Don't let things slip through
260 ## - PUBLICATION, DISTRIBUTION, ETC.
Date of publication, distribution, etc. 2001
490 ## - SERIES STATEMENT
Series statement Estates Gazette
Volume/sequential designation (0104) 27 January 2001, 138-139(2)
520 ## - SUMMARY, ETC.
Summary, etc. The second of two articles considering the avoidance of negligence in conveyancing. Advises that the extent of the impact of any covenants or rights that exist, or are likely to come into existence, must be examined carefully and that important terms must be clearly defined in writing. Notes that there is a need for solicitors to be proactive and actively monitor the process if they are to avoid charges of negligence on the grounds of inadequate supervision.
590 ## - LOCAL NOTE (RLIN)
Local note ABS
650 ## - SUBJECT ADDED ENTRY--TOPICAL TERM
Topical term or geographic name entry element BREAK CLAUSES
650 ## - SUBJECT ADDED ENTRY--TOPICAL TERM
Topical term or geographic name entry element COVENANTS
650 ## - SUBJECT ADDED ENTRY--TOPICAL TERM
Topical term or geographic name entry element LEASES
650 ## - SUBJECT ADDED ENTRY--TOPICAL TERM
Topical term or geographic name entry element LIABILITY
650 ## - SUBJECT ADDED ENTRY--TOPICAL TERM
Topical term or geographic name entry element NEGLIGENCE
650 ## - SUBJECT ADDED ENTRY--TOPICAL TERM
Topical term or geographic name entry element PROPERTY TRANSACTIONS
650 ## - SUBJECT ADDED ENTRY--TOPICAL TERM
Topical term or geographic name entry element RIGHTS
650 ## - SUBJECT ADDED ENTRY--TOPICAL TERM
Topical term or geographic name entry element SOLICITORS
690 ## - LOCAL SUBJECT ADDED ENTRY--TOPICAL TERM (OCLC, RLIN)
Topical term or geographic name as entry element PROPERTY AND LAND LAW-CONVEYANCING
700 ## - ADDED ENTRY--PERSONAL NAME
Personal name Fenn, K.
942 ## - ADDED ENTRY ELEMENTS (KOHA)
Suppress in OPAC 0
Holdings
Withdrawn status Lost status Source of classification or shelving scheme Damaged status Not for loan Home library Current library Shelving location Date acquired Total Checkouts Full call number Barcode Date last seen Copy number Price effective from Koha item type
    Dewey Decimal Classification     London London Journal article 05/02/2001   ABS63481 110739-1001 06/08/2019 1 06/08/2019 Journal article